ARRUPE JESUIT UNIVERSITY

CORONAVIRUS -STOP THE SPREAD - CLEAN,DISINFECT,COVER

Democracy and the Athenians (Record no. 6710)

MARC details
000 -LEADER
fixed length control field 00546nam a2200217Ia 4500
003 - CONTROL NUMBER IDENTIFIER
control field 0100
008 - FIXED-LENGTH DATA ELEMENTS--GENERAL INFORMATION
fixed length control field 130227s9999 xx 000 0 und d
040 ## - CATALOGING SOURCE
Transcribing agency ARRUPELIB
050 ## - LIBRARY OF CONGRESS CALL NUMBER
Classification number JC 79 .A8 F75
100 ## - MAIN ENTRY--PERSONAL NAME
Personal name Frost, Frank J.
245 ## - TITLE STATEMENT
Title Democracy and the Athenians
245 ## - TITLE STATEMENT
Remainder of title Aspects of ancient politics
260 ## - PUBLICATION, DISTRIBUTION, ETC. (IMPRINT)
Place of publication, distribution, etc New york
260 ## - PUBLICATION, DISTRIBUTION, ETC. (IMPRINT)
Name of publisher, distributor, etc John Wiley& sons
260 ## - PUBLICATION, DISTRIBUTION, ETC. (IMPRINT)
-- 1969
300 ## - PHYSICAL DESCRIPTION
Extent xi
300 ## - PHYSICAL DESCRIPTION
Other physical details 149p.20cm.
650 ## - SUBJECT ADDED ENTRY--TOPICAL TERM
Topical term following geographic name as entry element Music- Religious aspects- Catholic church
650 ## - SUBJECT ADDED ENTRY--TOPICAL TERM
Location of event Church music- Theology
942 ## - ADDED ENTRY ELEMENTS (KOHA)
Source of classification or shelving scheme Library of Congress Classification
Koha issues (borrowed), all copies 2
Holdings
Withdrawn status Lost status Source of classification or shelving scheme Damaged status Not for loan Collection code Home library Current library Shelving location Date acquired Total Checkouts Full call number Barcode Date last seen Date last borrowed Copy number Price effective from Koha item type
    Library of Congress Classification     Main Collection ARRUPE LIBRARY ARRUPE LIBRARY   27/02/2013 4 JC 79 .A8 F75 46409362 29/06/2018 19/01/2018 1 27/02/2013 Monograph ( Printed materials)

 

Arrupe Library. PO Box MP320 Mt Pleasant, Harare, Zimbabwe
263 242 745411|librarian@aju.ac.zw